Technical Analysis of Stocks in different Sectors of Indian Stock Market (Record no. 76653)

MARC details
000 -LEADER
fixed length control field 00465nam a2200133Ia 4500
008 - FIXED-LENGTH DATA ELEMENTS--GENERAL INFORMATION
fixed length control field 221007s9999 xx 000 0 und d
041 ## - LANGUAGE CODE
Language code of text/sound track or separate title eng
082 ## - DEWEY DECIMAL CLASSIFICATION NUMBER
Item number DES
100 ## - MAIN ENTRY--PERSONAL NAME
Personal name Deshpande Ttiveni - 2k151072; Dr. Sonali Parchure - Guide & [Company Name] - Definedge Solutions
9 (RLIN) 104313
245 ## - TITLE STATEMENT
Title Technical Analysis of Stocks in different Sectors of Indian Stock Market
260 ## - PUBLICATION, DISTRIBUTION, ETC. (IMPRINT)
Date of publication, distribution, etc. 2016
Name of publisher, distributor, etc. Savitribai Phule Pune University
Place of publication, distribution, etc. Pune
300 ## - PHYSICAL DESCRIPTION
Extent 67p
906 ## - LOCAL DATA ELEMENT F, LDF (RLIN)
b General
Holdings
Withdrawn status Lost status Damaged status Not for loan Home library Current library Date acquired Vendor Full call number Barcode Date last seen Bill Date Koha item type Original Barcode
        Smt. Hiraben Nanavati Institute of Management & Research for Women Smt. Hiraben Nanavati Institute of Management & Research for Women 29/07/2017 HNIMR DES HIMR-PR-619 07/10/2022 07/10/2022 Project Reports PR0619